[Event "2016 Redpath Mining Millionaire Chess Open"]
[Site "Venue: Old Ed’s Sports Complex, Houghton, Johannesburg"]
[Date "2016.07.15"]
[Round "5"]
[Board "8"]
[White "Molebatsi, Teboho"]
[Black "Mpya, Tshediso M"]
[Result "0-1"]
[WhiteElo "1734"]
[BlackElo "1941"]
[PlyCount "0"]
[EventDate "2016.07.13"]
[EventRounds "9"]
[EventCountry "RSA"]

1. e4 c6 2. d4 d5 3. exd5 cxd5 4. Bd3 Nc6 5. c3 Nf6 6. Bf4 Qb6 7. Qc2 Bg4 8. Nd2
Rc8 9. Qb3 Qxb3 10. Nxb3 e6 11. f3 {[%clk 1:22:45]} Bh5 {[%clk 1:21:39]} 12. Ne2
{[%clk 1:21:22]} Be7 {[%clk 1:21:55]} 13. O-O {[%clk 1:20:24]} O-O
{[%clk 1:22:18]} 14. Rae1 {[%clk 1:20:32]} Rfe8 {[%clk 1:22:15]} 15. g4
{[%clk 1:19:23]} Bg6 {[%clk 1:22:43]} 16. Bxg6 {[%clk 1:19:20]} hxg6
{[%clk 1:23:11]} 17. Nec1 {[%clk 1:15:07]} b5 {[%clk 1:13:32]} 18. Nd3
{[%clk 1:13:22]} Nd7 {[%clk 1:13:30]} 19. a3 {[%clk 1:11:41]} a5 {[%clk 1:13:42]}
20. Nbc5 {[%clk 1:09:48]} Nxc5 {[%clk 1:14:02]} 21. Nxc5 {[%clk 1:07:39]} Bxc5
{[%clk 1:13:54]} 22. dxc5 {[%clk 1:08:02]} b4 {[%clk 1:13:08]} 23. axb4
{[%clk 1:04:48]} axb4 {[%clk 1:13:37]} 24. Bd2 {[%clk 1:04:33]} bxc3
{[%clk 1:13:12]} 25. Bxc3 {[%clk 1:04:38]} d4 {[%clk 1:13:34]} 26. Bd2
{[%clk 1:04:53]} Rb8 {[%clk 1:13:58]} 27. Rb1 {[%clk 1:03:36]} Rb3
{[%clk 1:14:06]} 28. f4 {[%clk 1:02:26]} Reb8 {[%clk 1:14:21]} 29. Bc1
{[%clk 1:02:05]} R8b5 {[%clk 1:14:39]} 30. f5 {[%clk 1:00:13]} gxf5
{[%clk 1:15:07]} 31. gxf5 {[%clk 1:00:28]} e5 {[%clk 1:15:10]} 32. f6
{[%clk 1:00:52]} gxf6 {[%clk 1:14:50]} 33. Rxf6 {[%clk 1:00:24]} Rxc5
{[%clk 1:15:18]} 34. Ra1 {[%clk 0:56:47]} e4 {[%clk 1:15:25]} 35. Ra8+
{[%clk 0:56:26]} Kg7 {[%clk 1:15:48]} 36. Rf1 {[%clk 0:54:34]} e3
{[%clk 1:16:15]} 37. Re8 {[%clk 0:53:24]} Ne5 {[%clk 1:16:25]} 38. Kg2
{[%clk 0:51:16]} Rc2+ {[%clk 1:15:04]} 39. Kh1 {[%clk 0:50:15]} Nd3
{[%clk 1:15:05]} 40. Bxe3 {[%clk 0:49:46]} dxe3 {[%clk 1:15:34]} 41. Re7
{[%clk 0:48:56]} Nf2+ {[%clk 1:15:35]} 42. Kg1 {[%clk 0:46:42]} Rc6
{[%clk 1:15:51]} 43. Rxe3 {[%clk 0:46:13]} Rxe3 {[%clk 1:16:19]} 44. Rxf2
{[%clk 0:46:41]} Rg6+ {[%clk 1:16:38]} 45. Kf1 {[%clk 0:46:50]} Rf6
{[%clk 1:17:05]} 0-1

[Event "2016 Redpath Mining Millionaire Chess Open"]
[Site "Venue: Old Ed’s Sports Complex, Houghton, Johannesburg"]
[Date "2016.07.15"]
[Round "5"]
[Board "9"]
[White "Baxter, David Jarred"]
[Black "Priyanshu, Srivastava"]
[Result "1-0"]
[WhiteElo "1662"]
[BlackElo "1878"]
[PlyCount "0"]
[EventDate "2016.07.13"]
[EventRounds "9"]
[EventCountry "RSA"]

1. e4 {[%clk 1:30:51]} c6 {[%clk 1:30:28]} 2. d4 {[%clk 1:31:18]} d5
{[%clk 1:30:52]} 3. Nc3 {[%clk 1:31:46]} dxe4 {[%clk 1:31:16]} 4. Nxe4
{[%clk 1:32:15]} Bf5 {[%clk 1:31:32]} 5. Ng3 {[%clk 1:32:43]} Bg6
{[%clk 1:32:01]} 6. h4 {[%clk 1:33:12]} h6 {[%clk 1:32:31]} 7. Nf3
{[%clk 1:33:40]} Nd7 {[%clk 1:33:00]} 8. h5 {[%clk 1:34:09]} Bh7 9. Bd3
{[%clk 1:33:52]} Bxd3 {[%clk 1:33:57]} 10. Qxd3 {[%clk 1:34:20]} Ngf6
{[%clk 1:34:16]} 11. Bd2 {[%clk 1:34:20]} e6 {[%clk 1:34:42]} 12. O-O-O
{[%clk 1:34:36]} Qc7 {[%clk 1:35:08]} 13. Kb1 {[%clk 1:34:32]} O-O-O
{[%clk 1:34:42]} 14. Ne4 {[%clk 1:33:43]} Nxe4 {[%clk 1:35:00]} 15. Qxe4 Nf6 16.
Qe2 {[%clk 1:34:19]} Bd6 {[%clk 1:35:13]} 17. Be3 {[%clk 1:28:44]} Rhe8
{[%clk 1:33:02]} 18. c4 {[%clk 1:18:23]} c5 {[%clk 1:29:48]} 19. Qc2
{[%clk 0:59:41]} Re7 {[%clk 1:22:26]} 20. d5 {[%clk 0:39:26]} exd5
{[%clk 1:14:08]} 21. cxd5 {[%clk 0:39:26]} Red7 {[%clk 1:13:17]} 22. Qf5
{[%clk 0:39:19]} Kb8 {[%clk 1:13:24]} 23. Bxh6 {[%clk 0:37:19]} gxh6
{[%clk 1:07:58]} 24. Qxf6 {[%clk 0:37:44]} Bf8 {[%clk 1:08:00]} 25. Rhe1
{[%clk 0:30:03]} Rd6 {[%clk 1:03:31]} 26. Qf5 {[%clk 0:24:15]} Bg7
{[%clk 1:01:21]} 27. Qe4 {[%clk 0:19:06]} Qd7 {[%clk 0:56:13]} 28. Ne5
{[%clk 0:16:42]} Bxe5 {[%clk 0:51:14]} 29. Qxe5 {[%clk 0:17:10]} Kc8
{[%clk 0:49:51]} 30. Re3 {[%clk 0:04:01]} Rxd5 {[%clk 0:49:35]} 31. Rxd5
{[%clk 0:04:29]} Qxd5 {[%clk 0:50:03]} 32. Qxd5 {[%clk 0:04:56]} Rxd5
{[%clk 0:50:11]} 33. g4 {[%clk 0:02:53]} Kd7 {[%clk 0:50:22]} 34. Kc2
{[%clk 0:02:37]} Rd4 {[%clk 0:50:17]} 35. Rd3 {[%clk 0:01:52]} Rxd3
{[%clk 0:47:44]} 36. Kxd3 {[%clk 0:02:21]} b5 {[%clk 0:47:52]} 37. Ke4
{[%clk 0:01:31]} Ke6 {[%clk 0:48:16]} 38. b3 {[%clk 0:01:02]} a6 {[%clk 0:46:01]}
39. f3 {[%clk 0:00:48]} a5 {[%clk 0:45:58]} 40. a4 {[%clk 0:00:36]} c4
{[%clk 0:45:13]} 41. axb5 {[%clk 0:00:46]} cxb3 {[%clk 0:45:42]} 42. Kd3
{[%clk 0:01:14]} f6 {[%clk 0:45:29]} 43. Kc3 {[%clk 0:01:34]} a4 {[%clk 0:45:58]}
44. f4 {[%clk 0:01:02]} f5 {[%clk 0:45:17]} 45. gxf5+ {[%clk 0:00:54]} Kxf5
{[%clk 0:45:37]} 46. b6 {[%clk 0:01:21]} Kxf4 {[%clk 0:46:01]} 47. b7
{[%clk 0:01:32]} Kg5 48. b8=Q Kxh5 {[%clk 0:46:57]} 49. Qf4 {[%clk 0:01:40]} b2
{[%clk 0:47:18]} 50. Kxb2 {[%clk 0:01:50]} Kg6 {[%clk 0:47:47]} 51. Qg4+
{[%clk 0:02:03]} Kf6 {[%clk 0:48:16]} 52. Qh5 {[%clk 0:02:13]} Kg7
{[%clk 0:48:45]} 53. Ka3 {[%clk 0:02:23]} Kh7 {[%clk 0:49:10]} 54. Kxa4
{[%clk 0:02:45]} 1-0

[Event "2016 Redpath Mining Millionaire Chess Open"]
[Site "Venue: Old Ed’s Sports Complex, Houghton, Johannesburg"]
[Date "2016.07.15"]
[Round "5"]
[Board "10"]
[White "Mateus, Domingos"]
[Black "Xulu, Lindokuhle"]
[Result "0-1"]
[WhiteElo "1877"]
[BlackElo "1775"]
[PlyCount "0"]
[EventDate "2016.07.13"]
[EventRounds "9"]
[EventCountry "RSA"]

1. e4 {[%clk 1:30:56]} c6 {[%clk 1:30:43]} 2. d4 {[%clk 1:30:52]} d5
{[%clk 1:31:00]} 3. Nc3 {[%clk 1:31:19]} dxe4 {[%clk 1:31:12]} 4. Nxe4
{[%clk 1:31:43]} Nf6 {[%clk 1:31:04]} 5. Nxf6+ {[%clk 1:30:13]} exf6
{[%clk 1:31:26]} 6. Bc4 {[%clk 1:29:28]} Be7 {[%clk 1:31:40]} 7. Nf3
{[%clk 1:29:18]} O-O {[%clk 1:31:24]} 8. O-O {[%clk 1:29:45]} Bg4
{[%clk 1:31:41]} 9. c3 {[%clk 1:30:03]} Nd7 {[%clk 1:31:52]} 10. Bf4
{[%clk 1:28:30]} Nb6 {[%clk 1:32:12]} 11. Bb3 {[%clk 1:28:35]} Nd5
{[%clk 1:32:05]} 12. Bg3 {[%clk 1:29:03]} Bd6 {[%clk 1:31:45]} 13. Bxd5
{[%clk 1:28:45]} cxd5 {[%clk 1:32:07]} 14. Bxd6 {[%clk 1:29:02]} Qxd6
{[%clk 1:32:28]} 15. Qd3 {[%clk 1:29:15]} b5 {[%clk 1:31:51]} 16. h3
{[%clk 1:29:17]} Bd7 {[%clk 1:32:00]} 17. Rfe1 {[%clk 1:29:34]} a5
{[%clk 1:32:12]} 18. Re3 {[%clk 1:29:15]} b4 {[%clk 1:32:24]} 19. Rae1
{[%clk 1:29:19]} a4 {[%clk 1:31:49]} 20. Nd2 {[%clk 1:16:05]} g6 {[%clk 1:28:01]}
21. c4 {[%clk 1:12:11]} Bf5 {[%clk 1:27:32]} 22. c5 {[%clk 1:12:25]} Bxd3
{[%clk 1:27:01]} 23. cxd6 {[%clk 1:12:52]} Bf5 {[%clk 1:27:17]} 24. Re7
{[%clk 1:13:02]} Be6 {[%clk 1:21:08]} 25. Rc1 {[%clk 1:11:43]} Rfb8
{[%clk 1:18:33]} 26. Rcc7 {[%clk 1:08:04]} a3 {[%clk 1:16:49]} 27. b3
{[%clk 1:03:43]} Rd8 {[%clk 1:15:49]} 28. Rc6 {[%clk 1:00:49]} Kf8
{[%clk 1:10:58]} 29. Rb7 {[%clk 0:56:52]} Rdc8 {[%clk 1:08:34]} 30. Rxc8+
{[%clk 0:51:43]} Rxc8 {[%clk 1:08:49]} 31. Rxb4 {[%clk 0:52:12]} Rc2
{[%clk 1:08:19]} 32. Nf3 {[%clk 0:49:11]} Rxa2 {[%clk 1:08:36]} 33. Rb8+
{[%clk 0:49:22]} Kg7 {[%clk 1:08:33]} 34. Ra8 {[%clk 0:49:50]} Ra1+
{[%clk 1:08:12]} 35. Kh2 {[%clk 0:50:19]} Bd7 {[%clk 1:06:33]} 36. Ra7
{[%clk 0:48:16]} a2 {[%clk 1:06:31]} 37. Nd2 {[%clk 0:45:29]} Bc6
{[%clk 1:02:00]} 38. b4 {[%clk 0:42:47]} Kf8 {[%clk 1:01:58]} 39. Kg3
{[%clk 0:35:59]} Ke8 {[%clk 1:00:16]} 40. h4 {[%clk 0:35:38]} Bb5
{[%clk 0:57:33]} 41. Ra5 {[%clk 0:29:28]} Bc4 {[%clk 0:50:45]} 42. b5
{[%clk 0:28:29]} Rd1 {[%clk 0:47:55]} 43. Nxc4 {[%clk 0:28:49]} a1=Q
{[%clk 0:48:06]} 44. Rxa1 {[%clk 0:29:12]} Rxa1 {[%clk 0:48:28]} 45. Ne3
{[%clk 0:29:27]} Kd7 {[%clk 0:48:16]} 46. Nxd5 {[%clk 0:29:40]} Kxd6
{[%clk 0:47:59]} 47. Nxf6 {[%clk 0:29:59]} h5 {[%clk 0:48:02]} 48. Ne4+
{[%clk 0:29:50]} Kd5 {[%clk 0:47:59]} 49. Ng5 {[%clk 0:30:17]} Ra7
{[%clk 0:48:10]} 50. Nf3 {[%clk 0:29:15]} Rb7 {[%clk 0:48:29]} 51. Kf4
{[%clk 0:27:59]} Rxb5 {[%clk 0:48:23]} 52. Kg5 {[%clk 0:27:55]} Ke6+
{[%clk 0:47:20]} 53. Kf4 {[%clk 0:28:15]} f6 {[%clk 0:47:16]} 54. Ke4
{[%clk 0:28:24]} Rb2 {[%clk 0:47:04]} 55. Ke3 {[%clk 0:28:34]} Kd5
{[%clk 0:47:15]} 56. Nd2 {[%clk 0:28:07]} Ra2 {[%clk 0:46:22]} 57. Nf3
{[%clk 0:28:12]} Rc2 {[%clk 0:46:38]} 58. Ne1 {[%clk 0:25:13]} Rc3+
{[%clk 0:46:31]} 59. Kd2 {[%clk 0:25:29]} Rb3 {[%clk 0:45:39]} 60. Nc2
{[%clk 0:25:15]} Ke4 {[%clk 0:45:41]} 61. Ke2 {[%clk 0:25:11]} Rb2
{[%clk 0:45:52]} 62. Kd2 {[%clk 0:25:13]} Rb1 {[%clk 0:44:02]} 63. Ke2
{[%clk 0:24:39]} Rc1 {[%clk 0:43:54]} 64. Kd2 {[%clk 0:24:59]} Rg1
{[%clk 0:44:08]} 65. Ne1 {[%clk 0:25:06]} Rh1 {[%clk 0:44:08]} 66. Nf3
{[%clk 0:25:28]} Ra1 {[%clk 0:44:20]} 67. Kc3 {[%clk 0:24:18]} Rc1+
{[%clk 0:44:06]} 68. Kd2 {[%clk 0:24:44]} Rc4 {[%clk 0:44:12]} 69. Ke2
{[%clk 0:25:12]} Rc2+ {[%clk 0:44:17]} 70. Kf1 {[%clk 0:25:28]} Rb2
{[%clk 0:44:14]} 71. Kg1 {[%clk 0:25:56]} Kd3 {[%clk 0:44:23]} 72. Kh2
{[%clk 0:26:17]} Rxf2 {[%clk 0:44:37]} 73. d5 {[%clk 0:26:44]} Ra2
{[%clk 0:44:41]} 74. d6 {[%clk 0:27:09]} Ra6 {[%clk 0:44:50]} 75. Ne1+
{[%clk 0:27:21]} Ke2 {[%clk 0:45:10]} 76. d7 {[%clk 0:27:37]} Rd6
{[%clk 0:45:33]} 77. Nf3 {[%clk 0:27:55]} Rxd7 {[%clk 0:45:57]} 78. Ng1+ 0-1

[Event "2016 Redpath Mining Millionaire Chess Open"]
[Site "Venue: Old Ed’s Sports Complex, Houghton, Johannesburg"]
[Date "2016.07.15"]
[Round "5"]
[Board "11"]
[White "Agostinho, Diogo"]
[Black "Jacobs, Cavan"]
[Result "1-0"]
[WhiteElo "2055"]
[BlackElo "1697"]
[PlyCount "0"]
[EventDate "2016.07.13"]
[EventRounds "9"]
[EventCountry "RSA"]

1. e4 {[%clk 1:30:55]} c5 {[%clk 1:30:52]} 2. Nc3 {[%clk 1:31:18]} Nc6
{[%clk 1:31:15]} 3. f4 {[%clk 1:31:13]} g6 {[%clk 1:31:39]} 4. Nf3
{[%clk 1:31:35]} Bg7 {[%clk 1:32:03]} 5. Bc4 {[%clk 1:31:32]} e6 {[%clk 1:32:25]}
6. e5 {[%clk 1:23:41]} Nh6 {[%clk 1:21:49]} 7. Ne4 {[%clk 1:19:40]} d5
{[%clk 1:21:50]} 8. Nd6+ {[%clk 1:17:15]} Kf8 {[%clk 1:21:44]} 9. Bb5
{[%clk 1:16:36]} Nf5 {[%clk 1:17:13]} 10. Nxf5 {[%clk 1:14:46]} exf5
{[%clk 1:17:30]} 11. O-O {[%clk 1:11:00]} Qb6 {[%clk 1:11:15]} 12. Bxc6
{[%clk 1:05:41]} bxc6 {[%clk 1:10:57]} 13. b3 {[%clk 1:03:25]} Kg8
{[%clk 1:04:15]} 14. Bb2 {[%clk 1:02:28]} a5 {[%clk 1:02:29]} 15. Kh1
{[%clk 0:57:30]} a4 {[%clk 1:01:58]} 16. Qe2 {[%clk 0:56:12]} Be6
{[%clk 0:57:08]} 17. Qf2 {[%clk 0:51:47]} a3 {[%clk 0:53:25]} 18. Bc1
{[%clk 0:51:19]} d4 {[%clk 0:51:44]} 19. d3 {[%clk 0:51:13]} h6 {[%clk 0:46:01]}
20. Bd2 {[%clk 0:49:00]} Kh7 {[%clk 0:44:34]} 21. h3 {[%clk 0:45:44]} Rhe8
{[%clk 0:38:34]} 22. Rg1 {[%clk 0:44:25]} Bd5 {[%clk 0:38:24]} 23. Rae1
{[%clk 0:42:45]} Bxf3 {[%clk 0:35:54]} 24. Qxf3 {[%clk 0:43:07]} h5
{[%clk 0:35:51]} 25. g4 {[%clk 0:42:19]} hxg4 {[%clk 0:35:58]} 26. hxg4
{[%clk 0:42:47]} Rh8 {[%clk 0:34:16]} 27. gxf5 {[%clk 0:42:08]} gxf5
{[%clk 0:29:34]} 28. Rg5 {[%clk 0:40:25]} Qd8 {[%clk 0:24:43]} 29. Qg3
{[%clk 0:39:42]} Kg8+ {[%clk 0:24:22]} 30. Kg2 {[%clk 0:39:47]} Rh7
{[%clk 0:23:04]} 31. Kf2 {[%clk 0:39:19]} Kh8 {[%clk 0:22:13]} 32. Rg1
{[%clk 0:36:15]} Qf8 {[%clk 0:22:06]} 33. Rxf5 {[%clk 0:36:03]} Qe7
{[%clk 0:21:55]} 34. Rh5 {[%clk 0:33:20]} f6 {[%clk 0:20:29]} 35. Rxh7+
{[%clk 0:33:12]} Kxh7 {[%clk 0:20:43]} 36. Qg6+ {[%clk 0:33:08]} Kh8
{[%clk 0:20:31]} 37. e6 {[%clk 0:33:08]} Ra7 {[%clk 0:19:28]} 38. f5
{[%clk 0:33:10]} Kg8 {[%clk 0:18:15]} 39. Bh6 {[%clk 0:31:59]} Kf8
{[%clk 0:18:17]} 40. Qh7 {[%clk 0:31:48]} c4 {[%clk 0:14:24]} 41. Qh8# 1-0

[Event "2016 Redpath Mining Millionaire Chess Open"]
[Site "Venue: Old Ed’s Sports Complex, Houghton, Johannesburg"]
[Date "2016.07.15"]
[Round "5"]
[Board "12"]
[White "Avelino, Fernandes"]
[Black "Basson, Petrus"]
[Result "0-1"]
[WhiteElo "2013"]
[BlackElo "1679"]
[PlyCount "0"]
[EventDate "2016.07.13"]
[EventRounds "9"]
[EventCountry "RSA"]

1. e4 {[%clk 1:26:38]} c5 {[%clk 1:30:31]} 2. Nc3 {[%clk 1:26:47]} Nc6
{[%clk 1:29:04]} 3. f4 {[%clk 1:27:02]} g6 {[%clk 1:27:47]} 4. Nf3 Bg7 5. Bc4
{[%clk 1:26:27]} e6 {[%clk 1:27:48]} 6. d3 {[%clk 1:26:10]} a6 {[%clk 1:28:01]}
7. a3 {[%clk 1:26:11]} Nge7 {[%clk 1:27:33]} 8. O-O {[%clk 1:25:53]} b5
{[%clk 1:27:19]} 9. Ba2 {[%clk 1:26:07]} O-O {[%clk 1:27:09]} 10. Kh1
{[%clk 1:25:59]} Bb7 {[%clk 1:20:19]} 11. Rb1 {[%clk 1:23:58]} d6
{[%clk 1:13:21]} 12. Ne2 {[%clk 1:23:27]} b4 {[%clk 1:10:21]} 13. c3
{[%clk 1:23:02]} a5 {[%clk 1:09:08]} 14. Bb3 {[%clk 1:21:24]} Ba6
{[%clk 1:07:17]} 15. c4 {[%clk 1:17:46]} bxa3 {[%clk 0:54:38]} 16. bxa3
{[%clk 1:18:00]} Rb8 {[%clk 0:54:16]} 17. Bb2 {[%clk 1:18:14]} Bxb2
{[%clk 0:52:07]} 18. Rxb2 {[%clk 1:18:19]} a4 {[%clk 0:52:25]} 19. Nc3
{[%clk 1:18:02]} Rxb3 {[%clk 0:51:51]} 20. Rxb3 {[%clk 1:17:51]} axb3
{[%clk 0:52:08]} 21. Qxb3 {[%clk 1:18:13]} Nd4 {[%clk 0:50:33]} 22. Nxd4
{[%clk 1:17:53]} cxd4 {[%clk 0:50:55]} 23. Nb5 {[%clk 1:18:07]} Qb6
{[%clk 0:46:10]} 24. Qb4 {[%clk 1:17:00]} Rd8 {[%clk 0:44:28]} 25. Rb1
{[%clk 1:16:29]} Nc6 {[%clk 0:43:26]} 26. Qe1 {[%clk 1:16:22]} Na7
{[%clk 0:37:43]} 27. a4 {[%clk 1:14:47]} Rb8 {[%clk 0:36:07]} 28. h4
{[%clk 1:12:17]} Qc5 {[%clk 0:33:40]} 29. Qa5 {[%clk 1:12:07]} Rb6
{[%clk 0:31:17]} 30. Kh2 {[%clk 1:10:51]} Nc6 {[%clk 0:30:35]} 31. Qe1
{[%clk 1:10:14]} d5 {[%clk 0:27:44]} 32. cxd5 {[%clk 1:06:42]} Bxb5
{[%clk 0:26:18]} 33. axb5 {[%clk 1:03:53]} Nd8 {[%clk 0:25:20]} 34. Qa5
{[%clk 1:01:05]} exd5 {[%clk 0:25:06]} 35. Qa8 {[%clk 0:58:23]} Qd6
{[%clk 0:24:02]} 36. e5 {[%clk 0:58:21]} Qd7 {[%clk 0:23:36]} 37. Rc1
{[%clk 0:58:12]} Kg7 {[%clk 0:18:26]} 38. Rc8 {[%clk 0:56:12]} Qg4
{[%clk 0:18:11]} 39. g3 {[%clk 0:53:24]} Qe2+ {[%clk 0:18:16]} 40. Kh3
{[%clk 0:52:56]} Qf1+ {[%clk 0:17:26]} 41. Kh2 Rxb5 42. Qa2 {[%clk 0:50:48]} Rb1
{[%clk 0:16:35]} 43. Qg2 {[%clk 0:50:30]} Qxd3 {[%clk 0:14:26]} 44. Rxd8
{[%clk 0:48:44]} Rc1 {[%clk 0:13:10]} 45. Kh3 {[%clk 0:43:41]} Rc2
{[%clk 0:10:28]} 46. Qxd5 {[%clk 0:40:13]} Qf5+ {[%clk 0:10:38]} 0-1

[Event "2016 Redpath Mining Millionaire Chess Open"]
[Site "Venue: Old Ed’s Sports Complex, Houghton, Johannesburg"]
[Date "2016.07.15"]
[Round "5"]
[Board "13"]
[White "Tembo, Epah"]
[Black "Correia, Adelino"]
[Result "1-0"]
[WhiteElo "1919"]
[BlackElo "1649"]
[PlyCount "0"]
[EventDate "2016.07.13"]
[EventRounds "9"]
[EventCountry "RSA"]

1. e4 {[%clk 1:27:10]} e5 {[%clk 1:30:22]} 2. Bc4 {[%clk 1:27:23]} Bc5
{[%clk 1:30:17]} 3. Nc3 {[%clk 1:26:13]} Nf6 {[%clk 1:30:38]} 4. d3
{[%clk 1:26:13]} h6 {[%clk 1:30:56]} 5. h3 {[%clk 1:25:55]} O-O {[%clk 1:31:24]}
6. Nf3 d6 {[%clk 1:31:32]} 7. Bd2 {[%clk 1:23:50]} Be6 {[%clk 1:31:59]} 8. Bxe6
{[%clk 1:23:01]} fxe6 {[%clk 1:32:26]} 9. Qe2 {[%clk 1:23:12]} Nbd7
{[%clk 1:32:42]} 10. g4 {[%clk 1:23:21]} Nh7 {[%clk 1:32:51]} 11. h4
{[%clk 1:22:59]} Qf6 {[%clk 1:33:17]} 12. Rh3 {[%clk 1:22:42]} Qg6
{[%clk 1:33:36]} 13. Rg3 {[%clk 1:18:50]} Ndf6 {[%clk 1:33:41]} 14. O-O-O
{[%clk 1:16:14]} Nxg4 {[%clk 1:33:38]} 15. Nxe5 {[%clk 1:16:24]} dxe5
{[%clk 1:33:59]} 16. Rxg4 {[%clk 1:16:45]} Qf6 {[%clk 1:34:18]} 17. Rdg1
{[%clk 1:13:46]} Rf7 {[%clk 1:34:45]} 18. Nd1 {[%clk 1:09:25]} Kh8
{[%clk 1:34:24]} 19. Rg6 {[%clk 1:09:19]} Qxh4 {[%clk 1:34:09]} 20. Rxe6
{[%clk 1:08:35]} Raf8 {[%clk 1:34:36]} 21. Rxe5 {[%clk 0:57:33]} Qh2
{[%clk 1:34:28]} 22. Rxc5 {[%clk 0:45:59]} Qxg1 {[%clk 1:34:07]} 23. Be3
{[%clk 0:46:28]} Nf6 {[%clk 1:34:24]} 24. f4 {[%clk 0:44:42]} Qg3
{[%clk 1:34:22]} 25. f5 {[%clk 0:44:22]} Ng4 {[%clk 1:34:37]} 26. Bd2
{[%clk 0:44:43]} b6 {[%clk 1:34:30]} 27. Rc6 {[%clk 0:45:00]} Ne5
{[%clk 1:34:52]} 28. Re6 {[%clk 0:45:01]} c5 {[%clk 1:35:12]} 29. Bc3
{[%clk 0:44:56]} Qf4+ {[%clk 1:28:57]} 30. Qe3 {[%clk 0:43:07]} Qxe3+
{[%clk 1:27:33]} 31. Nxe3 {[%clk 0:43:36]} Nd7 {[%clk 1:28:02]} 32. Rxh6+
{[%clk 0:43:44]} Kg8 {[%clk 1:28:30]} 33. Rg6 {[%clk 0:43:41]} Re8
{[%clk 1:26:02]} 34. Ng4 {[%clk 0:35:13]} Kh7 {[%clk 1:26:13]} 35. Rg5
{[%clk 0:30:38]} b5 {[%clk 1:24:18]} 36. b3 {[%clk 0:30:56]} c4 {[%clk 1:22:02]}
37. e5 {[%clk 0:29:52]} Nb6 {[%clk 1:21:53]} 38. e6 {[%clk 0:29:44]} Rfe7
{[%clk 1:22:19]} 39. Ne5 {[%clk 0:29:40]} cxd3 {[%clk 1:22:30]} 40. Rh5+
{[%clk 0:29:53]} Kg8 {[%clk 1:22:50]} 41. Ng6 {[%clk 0:30:20]} Rxe6
{[%clk 1:23:19]} 42. fxe6 {[%clk 0:28:23]} Rxe6 {[%clk 1:21:06]} 43. Rh8+
{[%clk 0:26:52]} Kf7 {[%clk 1:21:25]} 44. Ne5+ {[%clk 0:27:10]} Ke7
{[%clk 1:21:48]} 45. cxd3 {[%clk 0:27:14]} Nd5 {[%clk 1:20:43]} 46. Bd4
{[%clk 0:27:10]} Ra6 {[%clk 1:20:50]} 47. Kb2 {[%clk 0:27:09]} Nc7
{[%clk 1:17:48]} 48. Rc8 {[%clk 0:26:20]} Ne6 {[%clk 1:18:15]} 49. Bc3
{[%clk 0:26:33]} g5 {[%clk 1:15:45]} 50. d4 {[%clk 0:24:52]} Kf6 {[%clk 1:15:59]}
51. d5 {[%clk 0:25:04]} Nf4 {[%clk 1:16:22]} 52. Nd3+ {[%clk 0:23:45]} Kf5
{[%clk 1:16:50]} 53. Nxf4 {[%clk 0:23:48]} gxf4 {[%clk 1:17:18]} 54. Rc6
{[%clk 0:23:17]} Rxc6 {[%clk 1:17:26]} 55. dxc6 {[%clk 0:23:46]} Ke6
{[%clk 1:17:56]} 56. c7 {[%clk 0:22:58]} Kd7 {[%clk 1:18:23]} 57. Ka3
{[%clk 0:23:01]} f3 {[%clk 1:18:47]} 58. Bd4 {[%clk 0:22:46]} a5 {[%clk 1:19:16]}
59. Kb2 {[%clk 0:22:13]} Kxc7 {[%clk 1:19:44]} 60. a3 {[%clk 0:21:36]} Kd6
{[%clk 1:20:05]} 61. b4 {[%clk 0:21:34]} axb4 {[%clk 1:20:30]} 62. axb4
{[%clk 0:21:54]} Kd5 {[%clk 1:20:59]} 63. Kc3 {[%clk 0:22:18]} Ke4
{[%clk 1:21:23]} 64. Bf2 {[%clk 0:22:34]} Kd5 {[%clk 1:21:51]} 65. Kd3
{[%clk 0:22:51]} Ke5 {[%clk 1:20:22]} 66. Ke3 {[%clk 0:23:16]} Kd5
{[%clk 1:20:50]} 67. Kxf3 {[%clk 0:23:35]} Kc4 {[%clk 1:20:02]} 68. Bc5
{[%clk 0:24:02]} Kd5 {[%clk 1:20:14]} 69. Kf4 {[%clk 0:24:20]} Kc6
{[%clk 1:15:50]} 70. Ke5 {[%clk 0:24:31]} Kc7 {[%clk 1:16:18]} 71. Kd5
{[%clk 0:24:48]} Kb7 {[%clk 1:16:46]} 72. Bf2 {[%clk 0:25:04]} Ka6
{[%clk 1:14:38]} 73. Kc5 {[%clk 0:25:30]} Kb7 {[%clk 1:14:48]} 74. Kxb5
{[%clk 0:25:49]} Kb8 {[%clk 1:14:32]} 75. Kc6 {[%clk 0:25:54]} Ka8
{[%clk 1:14:55]} 76. Bg3 {[%clk 0:25:59]} Ka7 {[%clk 1:15:11]} 77. b5
{[%clk 0:26:17]} Ka8 {[%clk 1:15:33]} 78. Bf4 {[%clk 0:26:30]} 1-0

[Event "2016 Redpath Mining Millionaire Chess Open"]
[Site "Venue: Old Ed’s Sports Complex, Houghton, Johannesburg"]
[Date "2016.07.15"]
[Round "5"]
[Board "14"]
[White "Musekiwa, Michael"]
[Black "Dykema, Joshua"]
[Result "1-0"]
[WhiteElo "1880"]
[BlackElo "1472"]
[PlyCount "0"]
[EventDate "2016.07.13"]
[EventRounds "9"]
[EventCountry "RSA"]

1. e4 {[%clk 1:30:55]} c5 {[%clk 1:30:40]} 2. Nf3 {[%clk 1:31:17]} d6
{[%clk 1:30:29]} 3. Bb5+ {[%clk 1:31:26]} Nc6 {[%clk 1:30:37]} 4. O-O
{[%clk 1:31:43]} g6 {[%clk 1:31:00]} 5. c3 {[%clk 1:32:08]} Bd7 {[%clk 1:31:18]}
6. d3 {[%clk 1:32:10]} Bg7 {[%clk 1:30:22]} 7. Re1 {[%clk 1:31:25]} Qc7
{[%clk 1:29:52]} 8. Nbd2 {[%clk 1:31:22]} Nf6 {[%clk 1:29:24]} 9. Nf1
{[%clk 1:31:35]} O-O {[%clk 1:29:43]} 10. h3 {[%clk 1:31:35]} Rad8
{[%clk 1:20:45]} 11. Ba4 {[%clk 1:30:43]} a6 {[%clk 1:17:11]} 12. Bc2
{[%clk 1:28:35]} e6 {[%clk 1:16:57]} 13. Bg5 {[%clk 1:28:23]} Kh8
{[%clk 1:15:40]} 14. Qd2 {[%clk 1:28:18]} Ne7 {[%clk 1:15:01]} 15. g4
{[%clk 1:27:31]} Neg8 {[%clk 1:15:14]} 16. Ng3 {[%clk 1:27:08]} Rde8
{[%clk 1:14:52]} 17. Rac1 {[%clk 1:25:13]} e5 {[%clk 1:14:38]} 18. b4
{[%clk 1:25:06]} h6 {[%clk 1:08:26]} 19. Be3 {[%clk 1:25:15]} b6 {[%clk 0:56:57]}
20. Bb3 {[%clk 1:23:52]} Be6 {[%clk 0:53:32]} 21. Bc4 {[%clk 1:22:49]} Bxc4
{[%clk 0:51:39]} 22. dxc4 {[%clk 1:23:10]} Rd8 {[%clk 0:47:48]} 23. a4
{[%clk 1:22:43]} a5 {[%clk 0:47:22]} 24. bxa5 {[%clk 1:22:45]} bxa5
{[%clk 0:47:35]} 25. Rb1 {[%clk 1:23:11]} Rb8 {[%clk 0:47:34]} 26. Rb5
{[%clk 1:23:33]} Rfd8 {[%clk 0:40:16]} 27. Rd1 {[%clk 1:21:12]} Ne8
{[%clk 0:37:16]} 28. Rdb1 {[%clk 1:20:35]} Kh7 {[%clk 0:35:23]} 29. Qb2
{[%clk 1:20:15]} Rxb5 {[%clk 0:34:39]} 30. axb5 {[%clk 1:20:42]} Qb6
{[%clk 0:34:34]} 31. Nd2 {[%clk 1:20:33]} Ra8 {[%clk 0:33:31]} 32. Ra1
{[%clk 1:20:46]} Bf8 {[%clk 0:32:47]} 33. Ra4 {[%clk 1:20:14]} Be7
{[%clk 0:32:58]} 34. Nb3 {[%clk 1:19:56]} Bd8 {[%clk 0:33:03]} 35. Qd2
{[%clk 1:20:39]} Bc7 {[%clk 0:25:39]} 36. Qd5 {[%clk 1:20:50]} Ra7
{[%clk 0:24:12]} 37. Qxf7+ {[%clk 1:21:13]} Ng7 {[%clk 0:24:33]} 38. Qd5
{[%clk 1:20:42]} Ne7 {[%clk 0:24:27]} 39. Qd2 {[%clk 1:21:00]} Ng8
{[%clk 0:24:34]} 40. f4 {[%clk 1:21:26]} exf4 {[%clk 0:24:36]} 41. Bxf4
{[%clk 1:21:53]} g5 {[%clk 0:24:58]} 42. Be3 {[%clk 1:22:14]} Bd8
{[%clk 0:22:35]} 43. e5 {[%clk 1:21:56]} Be7 {[%clk 0:22:32]} 44. Qd5
{[%clk 1:21:33]} Qc7 {[%clk 0:19:43]} 45. exd6 {[%clk 1:20:50]} Bxd6
{[%clk 0:20:00]} 46. Ne4 {[%clk 1:21:14]} Bh2+ {[%clk 0:19:36]} 47. Kg2
{[%clk 1:21:29]} Ne7 {[%clk 0:19:00]} 48. Qd3 {[%clk 1:21:33]} Qe5
{[%clk 0:18:51]} 49. Nf6+ 1-0